| 000 | 00568nam a2200205Ia 4500 | ||
|---|---|---|---|
| 008 | 170918s9999 xx 000 0 und d | ||
| 020 | _a375822488 | ||
| 050 | _bC678 2004 | ||
| 100 | _aCohen, Charles D. | ||
| 245 | 4 | _aThe seuss, the whole seuss and nothing but the seuss : | |
| 245 | _ba visual biography of Theodor Seuss Geisel / | ||
| 245 | _cby Charles D. Cohen. | ||
| 250 | _aFirst edition | ||
| 260 | _aNew York : | ||
| 260 | _bRandom House, | ||
| 260 | _c2004 | ||
| 300 | _a390 pages : | ||
| 300 | _bsome colored illustrations ; | ||
| 300 | _c28cm. | ||
| 999 |
_c343634 _d343634 |
||